| 000 | 00678nam a2200205Ia 4500 | ||
|---|---|---|---|
| 003 | GCL | ||
| 008 | 140319s9999 xx 000 0 ara d | ||
| 040 |
_aGCL / _cGCL |
||
| 082 | 0 | 4 |
_a155.232 _bس ا |
| 100 | 1 | _aسكستون، ان | |
| 245 | 1 | 0 |
_aإيذاء الذات : _bالتشخيص - الاسباب - العلاج / _cسكستون، ان |
| 260 |
_aالقاهرة : _bالسحاب للنشر والتوزيع ، _c2004 |
||
| 300 |
_a170 ص ؛ _c24 سم |
||
| 650 | 0 | 4 | _aالتوتر |
| 650 | 0 | 4 | _aالاحباط |
| 650 | 0 | 4 | _aالشخصية - اضطرابات |
| 650 | 0 | 4 | _aالصراع النفسى |
| 650 | 0 | 4 | _aالشخصية العدوانية |
| 942 |
_2ddc _cBK |
||
| 999 |
_c6059 _d6059 |
||